| 000 | 01972nam0a2200397 4500 | ||
|---|---|---|---|
| 001 | RU\NLR\BIBL_A\012485288 | ||
| 005 | 20210426154031.0 | ||
| 010 |
_a978-5-98673-178-0 _9100 |
||
| 021 |
_aRU _bКН-П-20-074192 _9КН-П-20-5582 |
||
| 035 | _a(NLR Aleph) 012485288 | ||
| 035 | _a(RuMoRGB)010490091 | ||
| 090 |
_a12152737 _c12152737 |
||
| 100 | _a20210325d2019 u y0rusy50 ca | ||
| 101 | 0 | _arus | |
| 102 | _aRU | ||
| 105 | _aa|||j|||000zy | ||
| 181 | 0 |
_ai _baxxe |
|
| 182 | 0 | _an | |
| 200 | 1 |
_aРазработка оценочных средств для проведения профессиональных экзаменов на основе организационного проектирования _eметодическое пособие _fЕ. А. Пивчук |
|
| 203 |
_aТекст _bвизуальный _cнепосредственный |
||
| 210 |
_aСанкт-Петербург _cАураИнфо & группа МИД _d2019 |
||
| 215 |
_a119, [1] с. _cил., табл. _d29 |
||
| 225 | 1 | _aУправление качеством профессионального образования | |
| 320 | _aБиблиогр.: с. 118-119 (34 назв.) | ||
| 606 | 1 |
_aВысшие педагогические учебные заведения _xСтуденты _xЗнания _xОценка _jМетодические пособия _2nlr_sh2 _3RU\NLR\AUTH\6601539018 |
|
| 610 | 0 | _aвысшее педагогическое образование | |
| 610 | 0 | _aитоговая аттестация студентов | |
| 610 | 0 | _aоценка профессиональных компетенций студентов | |
| 610 | 0 | _aпрофессиональный стандарт педагога | |
| 686 | 1 | _aЧ489.511.28я8 | |
| 700 | 1 |
_aПивчук _bЕ. А. _gЕлена Аркадьевна |
|
| 942 | _cBOOK | ||
| 980 | _aNBR | ||
| 980 | _aNB | ||